=LDR 00000nam 2200000 4500 =001 INLIS000000000062924 =005 20231017085934 =035 ##$$a 0010-1023000041 =007 ta =008 231017###########################0###### =082 ##$$a 910.559 862 =084 ##$$a 910.559 862 NUS v =100 #$$a Nusa Tenggara Barat =245 1#$$a Visit Lombok Sumbawa Travel Magazine Your Guide To Experince The Wonder : $b December 2012 2nd Edition =260 ##$$a Mataram :$b PT. Ide Nusa Tenggara,$c 2012 =300 ##$$a 42 halaman : $b ilus ; $c 25 cm$e Lain-lain =650 #4$$a Industri Pariwisata - Nusa Tenggara Barat =990 ##$$a 11871187 =990 ##$$a 14/43/2014